| 000 | 01468 a2200193 4500 | ||
|---|---|---|---|
| 003 | Nust | ||
| 005 | 20221222124649.0 | ||
| 010 | _a 70394876 | ||
| 020 | _a0192151673 | ||
| 040 | _cNust | ||
| 082 | 0 | 0 | _a327.95491,BHU |
| 100 | 1 |
_aBhutto, Zulfikar Ali. _937719 |
|
| 245 | 1 | 4 |
_aThe myth of independence / _cZufikar Ali Bhutto |
| 260 |
_aLondon, _aLahore [etc.] _bOxford U.P., _c1969. |
||
| 300 |
_ax, 188 p. _b4 plates, ports. _c23 cm. |
||
| 505 | _aThe Struggle For Equality (Page-1), Global Power And Small Nation (Page-7), American Attitudes Towards Partition And Indian Neutralism (Page-30), India Seeks American Support Against China (Page-48), America Aids India And Ignore Pakistan (Page-66), American Policy To Bring Pakistan Under Indian Hegemony (Page-79), Collaboration With India On American Terms (Page-93), American Demands And The Choice Before Pakistan (Page-99), The Indo Pakistan War And Its Analogies (Page-113), Relations With Neighbouring Countries And Some Others (Page-123), Pakistan And The Veitnam War (Page-127), Sino Pakistani Relations (Page-131), Relations With European Powers And Great Powers (Page-135), Some Conclusions (Page-145), The State Best Defence (Page-150), Deterrent Against Aggression (Page-152), How To Face The Looming Crisis (Page-156), The Origins Of Dispute With India (Page-162), Confrontation With India (Page-176), Epilogue (Page-185). | ||
| 651 | 0 |
_aPakistan _xForeign relations. |
|
| 942 |
_2ddc _cBK _k327.95491,BHU |
||
| 999 |
_c184272 _d184272 |
||